Cơ sở hệ thống thông tin địa lý (GIS) trong quy hoạch và quản lý đô thị
Sách trình bày các khái niệm cơ bản về hệ thống thông tin địa lý, cấu trúc dữ liệu của bản đồ, mô hình số độ cao, Nhập, kiểm tra lưu trữ và xuất dữ liệu, các ứng dụng của GIS trong quy hoạch và quản lý đô thị...
Na minha lista:
| Autor principal: | |
|---|---|
| Formato: | Livro |
| Idioma: | Undetermined |
| Publicado em: |
Hà Nội
Xây Dựng
1999
|
| Assuntos: | |
| Tags: |
Adicionar Tag
Sem tags, seja o primeiro a adicionar uma tag!
|
| Thư viện lưu trữ: | Trung tâm Học liệu Trường Đại học Cần Thơ |
|---|
| LEADER | 01153nam a2200205Ia 4500 | ||
|---|---|---|---|
| 001 | CTU_152583 | ||
| 008 | 210402s9999 xx 000 0 und d | ||
| 082 | |a 005.74 | ||
| 082 | |b M107 | ||
| 100 | |a Phạm, Trọng Mạnh | ||
| 245 | 0 | |a Cơ sở hệ thống thông tin địa lý (GIS) trong quy hoạch và quản lý đô thị | |
| 245 | 0 | |c Phạm Trọng Mạnh, Phạm Vọng Thành | |
| 260 | |a Hà Nội | ||
| 260 | |b Xây Dựng | ||
| 260 | |c 1999 | ||
| 520 | |a Sách trình bày các khái niệm cơ bản về hệ thống thông tin địa lý, cấu trúc dữ liệu của bản đồ, mô hình số độ cao, Nhập, kiểm tra lưu trữ và xuất dữ liệu, các ứng dụng của GIS trong quy hoạch và quản lý đô thị | ||
| 650 | |a Information storage and retrieval systems,Lưu trữ và truy xuất thông tin địa lý,City planning,Quy hoạch đô thị,Geographic information systems,Hệ thống thông tin địa lý | ||
| 650 | |x Geography | ||
| 904 | |i Ái | ||
| 980 | |a Trung tâm Học liệu Trường Đại học Cần Thơ | ||